000
00265dam a22001097a 4500
999
_c
2980
_d
2980
008
190527e1985 ag ||||| |||| 00| 0 spa d
100
_a
Murro, Hector
_9
501
245
_a
Fisiologia de la sangre
250
_a
1a ed.
260
_a
Buenos Aires
_b
CTM
_c
1985
500
_a
Baja